000 00250nam a2200109Ia 4500
008 220204s9999 xx 000 0 und d
082 _a82-3
_bNAR
100 _aNarayan, R K
245 0 _aNext sunday
260 _aNew Delhi
_bOrient
_c1956
942 _cBK
999 _c30021
_d30021